[Event "MCR druzstev mladsich zaku 2016"]
[Site "Hradec Kralove"]
[Date "2016.06.12"]
[Round "6.9"]
[White "Tajovsky (SK Kurim A), Matej"]
[Black "Faja (Loko Brno), Vilem"]
[Result "0-1"]
[BlackElo "1633"]
[WhiteElo "1616"]
[LiveChessVersion "1.4.8"]

1. e4 {[%clk 0:25:16]} e5 {[%clk 0:25:19]} 2. Nf3 {[%clk 0:25:23]} Nf6
{[%clk 0:25:20]} 3. Nc3 {[%clk 0:25:24]} Nc6 {[%clk 0:25:29]} 4. Bb5
{[%clk 0:25:22]} Bc5 {[%clk 0:25:31]} 5. d3 {[%clk 0:25:10]} h6 {[%clk 0:25:10]}
6. Bxc6 {[%clk 0:25:08]} dxc6 {[%clk 0:25:15]} 7. Nxe5 {[%clk 0:25:09]} Qd4
{[%clk 0:25:16]} 8. Qf3 {[%clk 0:21:37]} Qxe5 {[%clk 0:25:20]} 9. Bf4
{[%clk 0:21:45]} Qe7 {[%clk 0:25:25]} 10. O-O {[%clk 0:21:20]} O-O
{[%clk 0:24:39]} 11. e5 {[%clk 0:21:10]} Ng4 {[%clk 0:24:07]} 12. Qg3
{[%clk 0:20:35]} Nxf2 {[%clk 0:23:41]} 13. Rxf2 {[%clk 0:20:29]} Bxf2+ 14. Kxf2
{[%clk 0:20:29]} Kh7 {[%clk 0:23:25]} 15. Ne4 {[%clk 0:19:24]} Bf5
{[%clk 0:23:19]} 16. Re1 {[%clk 0:18:35]} Bxe4 {[%clk 0:23:16]} 17. Rxe4
{[%clk 0:18:24]} Qc5+ {[%clk 0:23:22]} 18. Kf1 {[%clk 0:16:49]} Rae8
{[%clk 0:22:09]} 19. c3 {[%clk 0:15:27]} Re6 {[%clk 0:20:26]} 20. Qh3
{[%clk 0:11:30]} Rg6 {[%clk 0:18:39]} 21. Qf5 {[%clk 0:07:32]} Qe7
{[%clk 0:17:58]} 22. Qh5 {[%clk 0:06:50]} Qe6 {[%clk 0:17:45]} 23. c4
{[%clk 0:06:07]} Qg4 {[%clk 0:17:27]} 24. Qxg4 {[%clk 0:04:28]} Rxg4
{[%clk 0:17:34]} 25. h3 {[%clk 0:04:37]} Rg6 {[%clk 0:17:40]} 26. g4
{[%clk 0:04:17]} Kg8 {[%clk 0:17:15]} 27. Kf2 {[%clk 0:03:21]} c5
{[%clk 0:16:29]} 28. d4 {[%clk 0:03:01]} Rb6 {[%clk 0:16:02]} 29. Bc1
{[%clk 0:02:05]} cxd4 {[%clk 0:16:05]} 30. Rxd4 {[%clk 0:02:02]} Re8
{[%clk 0:15:58]} 31. b3 {[%clk 0:00:58]} Rxe5 {[%clk 0:16:06]} 32. Be3
{[%clk 0:00:59]} Rbe6 {[%clk 0:15:57]} 33. Rd3 {[%clk 0:00:53]} Kh7
{[%clk 0:15:58]} 34. Kf3 {[%clk 0:00:38]} Kg6 {[%clk 0:15:50]} 35. Bf2
{[%clk 0:00:11]} Rf6+ {[%clk 0:15:36]} 36. Kg3 {[%clk 0:00:16]} Re2
{[%clk 0:15:42]} 37. Bd4 {[%clk 0:00:18]} Rd6 {[%clk 0:15:32]} 38. a4
{[%clk 0:00:20]} Re4 {[%clk 0:15:38]} 39. Kf3 {[%clk 0:00:12]} Rexd4
{[%clk 0:15:46]} 40. Rxd4 {[%clk 0:00:13]} Rxd4 {[%clk 0:15:54]} 41. Ke3
{[%clk 0:00:22]} Rd6 {[%clk 0:16:03]} 42. Ke4 {[%clk 0:00:13]} Rb6
{[%clk 0:16:08]} 43. Kf4 {[%clk 0:00:00]} Rxb3 0-1

[Event "MCR druzstev mladsich zaku 2016"]
[Site "Hradec Kralove"]
[Date "2016.06.12"]
[Round "6.10"]
[White "Khadash (Loko Brno), Samuel"]
[Black "Keprt (SK Kurim A), Tomas"]
[Result "0-1"]
[BlackElo "1617"]
[WhiteElo "1548"]
[LiveChessVersion "1.4.8"]

1. e4 {[%clk 0:25:17]} c5 {[%clk 0:25:15]} 2. Nf3 {[%clk 0:25:22]} d6
{[%clk 0:25:07]} 3. d4 {[%clk 0:25:30]} cxd4 {[%clk 0:25:10]} 4. Nxd4
{[%clk 0:25:38]} Nf6 {[%clk 0:25:14]} 5. Nc3 {[%clk 0:25:44]} g6 {[%clk 0:25:08]}
6. f4 {[%clk 0:25:32]} Nc6 {[%clk 0:24:40]} 7. Be2 {[%clk 0:19:01]} Bg7
{[%clk 0:23:22]} 8. Be3 {[%clk 0:17:44]} Bd7 {[%clk 0:22:19]} 9. O-O
{[%clk 0:16:40]} e6 {[%clk 0:21:15]} 10. Bf3 {[%clk 0:14:38]} O-O
{[%clk 0:20:41]} 11. Ndb5 {[%clk 0:13:38]} d5 {[%clk 0:19:34]} 12. exd5
{[%clk 0:13:19]} exd5 {[%clk 0:19:23]} 13. Bxd5 {[%clk 0:12:16]} Nxd5
{[%clk 0:19:12]} 14. Qxd5 {[%clk 0:11:13]} a6 {[%clk 0:18:09]} 15. Nd4
{[%clk 0:09:45]} Ne7 {[%clk 0:13:53]} 16. Qb3 {[%clk 0:07:12]} b5
{[%clk 0:12:37]} 17. Rad1 {[%clk 0:05:48]} Qc8 {[%clk 0:11:49]} 18. h3
{[%clk 0:02:15]} Re8 {[%clk 0:11:31]} 19. Ne4 {[%clk 0:01:15]} Qc7
{[%clk 0:08:33]} 20. Ng5 {[%clk 0:00:38]} Rf8 {[%clk 0:07:30]} 21. Rfe1
{[%clk 0:00:19]} h6 {[%clk 0:06:56]} 22. Ngf3 {[%clk 0:00:27]} Nf5
{[%clk 0:06:32]} 23. g4 {[%clk 0:00:13]} Nxd4 {[%clk 0:06:12]} 24. Nxd4
{[%clk 0:00:22]} Rac8 {[%clk 0:05:33]} 25. c3 {[%clk 0:00:29]} Rfe8
{[%clk 0:05:25]} 26. Nc2 {[%clk 0:00:13]} Be6 {[%clk 0:05:09]} 27. Qa3
{[%clk 0:00:18]} Qb7 {[%clk 0:05:04]} 28. b4 {[%clk 0:00:23]} Rxc3
{[%clk 0:04:42]} 29. Qc1 {[%clk 0:00:13]} Qc6 {[%clk 0:04:18]} 30. Bc5
{[%clk 0:00:12]} Bxa2 {[%clk 0:03:52]} 31. Rxe8+ {[%clk 0:00:11]} Qxe8
{[%clk 0:03:58]} 32. Re1 {[%clk 0:00:20]} Qc6 {[%clk 0:03:52]} 33. Re3
{[%clk 0:00:22]} Qd5 {[%clk 0:03:05]} 34. Rxc3 {[%clk 0:00:15]} Bxc3
{[%clk 0:03:12]} 35. Ne3 {[%clk 0:00:12]} Qd3 {[%clk 0:02:49]} 36. Qd1
{[%clk 0:00:15]} Bd2 {[%clk 0:02:39]} 37. Nf1 {[%clk 0:00:15]} Qxh3
{[%clk 0:01:32]} 38. Nxd2 {[%clk 0:00:16]} Qg3+ {[%clk 0:01:27]} 39. Kf1
{[%clk 0:00:14]} Qxf4+ {[%clk 0:01:34]} 40. Kg2 {[%clk 0:00:11]} Bd5+
{[%clk 0:01:40]} 41. Kh3 {[%clk 0:00:15]} Qe5 {[%clk 0:01:13]} 42. Nf3
{[%clk 0:00:11]} Qe4 {[%clk 0:01:17]} 43. Kg3 {[%clk 0:00:13]} f5
{[%clk 0:01:11]} 44. Qf1 {[%clk 0:00:12]} f4+ {[%clk 0:01:17]} 45. Kf2
{[%clk 0:00:19]} Qxf3+ {[%clk 0:01:23]} 46. Ke1 {[%clk 0:00:28]} Qxg4
{[%clk 0:01:17]} 47. Qd3 {[%clk 0:00:30]} Qg3+ {[%clk 0:01:08]} 48. Kd2
{[%clk 0:00:39]} Qxd3+ {[%clk 0:01:16]} 49. Kxd3 {[%clk 0:00:47]} Kf7
{[%clk 0:01:19]} 50. Ke2 {[%clk 0:00:56]} Ke6 {[%clk 0:01:24]} 51. Bf2
{[%clk 0:01:03]} Kf5 {[%clk 0:01:29]} 0-1

[Event "MCR druzstev mladsich zaku 2016"]
[Site "Hradec Kralove"]
[Date "2016.06.12"]
[Round "6.11"]
[White "Tajovsky (SK Kurim A), Simon"]
[Black "Vavrinkova (Loko Brno), Anna"]
[Result "0-1"]
[BlackElo "1423"]
[WhiteElo "1370"]
[LiveChessVersion "1.4.8"]

1. d4 {[%clk 0:25:19]} d5 {[%clk 0:25:19]} 2. c4 {[%clk 0:25:16]} c6
{[%clk 0:25:26]} 3. Nf3 {[%clk 0:25:20]} Nf6 {[%clk 0:25:28]} 4. Nc3
{[%clk 0:25:24]} a6 {[%clk 0:25:30]} 5. Bg5 {[%clk 0:25:22]} Nbd7
{[%clk 0:25:13]} 6. e3 {[%clk 0:25:23]} e6 {[%clk 0:25:20]} 7. Rc1
{[%clk 0:25:24]} Be7 {[%clk 0:25:02]} 8. Bd3 {[%clk 0:25:17]} h6 {[%clk 0:25:05]}
9. Bh4 {[%clk 0:24:34]} O-O {[%clk 0:24:37]} 10. O-O {[%clk 0:24:37]} Re8
{[%clk 0:23:41]} 11. Re1 {[%clk 0:23:59]} Nf8 {[%clk 0:23:26]} 12. Ne5
{[%clk 0:23:19]} N8d7 {[%clk 0:22:53]} 13. Nf3 {[%clk 0:23:09]} Qc7
{[%clk 0:22:21]} 14. Bg3 {[%clk 0:21:48]} Bd6 {[%clk 0:22:18]} 15. Bxd6
{[%clk 0:21:25]} Qxd6 {[%clk 0:22:25]} 16. e4 {[%clk 0:20:59]} dxe4
{[%clk 0:21:51]} 17. Nxe4 {[%clk 0:20:12]} Nxe4 {[%clk 0:21:50]} 18. Bxe4
{[%clk 0:20:16]} Nf6 {[%clk 0:21:49]} 19. Bb1 {[%clk 0:19:58]} b6
{[%clk 0:20:48]} 20. Ne5 {[%clk 0:16:31]} Bb7 {[%clk 0:20:30]} 21. c5
{[%clk 0:15:44]} Qc7 {[%clk 0:18:23]} 22. Qc2 {[%clk 0:12:50]} b5
{[%clk 0:18:11]} 23. Qc3 {[%clk 0:11:25]} Rad8 {[%clk 0:16:57]} 24. Rcd1
{[%clk 0:11:23]} Nd7 {[%clk 0:14:00]} 25. Nf3 {[%clk 0:10:57]} Nf8
{[%clk 0:13:30]} 26. Re4 {[%clk 0:10:40]} e5 {[%clk 0:11:40]} 27. Rg4
{[%clk 0:08:43]} exd4 {[%clk 0:10:26]} 28. Rdxd4 {[%clk 0:08:42]} Rxd4
{[%clk 0:10:18]} 29. Nxd4 {[%clk 0:08:47]} Qd7 {[%clk 0:08:56]} 30. Rg3
{[%clk 0:07:46]} Qxd4 {[%clk 0:08:17]} 31. h3 {[%clk 0:07:11]} Qxc3
{[%clk 0:08:21]} 32. Rxc3 {[%clk 0:07:17]} Re1+ {[%clk 0:08:24]} 33. Kh2
{[%clk 0:07:26]} Rxb1 {[%clk 0:08:28]} 34. Rb3 {[%clk 0:07:25]} Ne6
{[%clk 0:08:30]} 35. a4 {[%clk 0:07:17]} Nxc5 {[%clk 0:08:24]} 36. Re3
{[%clk 0:07:19]} Rxb2 {[%clk 0:08:13]} 37. axb5 {[%clk 0:07:19]} cxb5
{[%clk 0:08:11]} 38. Re5 {[%clk 0:07:24]} Rxf2 {[%clk 0:07:53]} 39. Kg3
{[%clk 0:07:11]} Rxg2+ {[%clk 0:07:52]} 40. Kh4 {[%clk 0:07:14]} Ne6
{[%clk 0:07:36]} 41. Re3 {[%clk 0:06:47]} Kh7 {[%clk 0:07:25]} 42. Re5
{[%clk 0:06:16]} g5+ {[%clk 0:07:27]} 43. Kh5 {[%clk 0:06:23]} Nf4#
{[%clk 0:07:28]} 0-1

[Event "MCR druzstev mladsich zaku 2016"]
[Site "Hradec Kralove"]
[Date "2016.06.12"]
[Round "6.12"]
[White "Hladky (Loko Brno), Tadeas"]
[Black "Fikejs (SK Kurim A), Tomas"]
[Result "1-0"]
[BlackElo "1337"]
[WhiteElo "1292"]
[LiveChessVersion "1.4.8"]

1. e4 {[%clk 0:25:17]} c5 {[%clk 0:25:19]} 2. Nf3 {[%clk 0:25:25]} Nc6
{[%clk 0:25:25]} 3. Bb5 {[%clk 0:25:33]} g6 {[%clk 0:25:25]} 4. Bxc6
{[%clk 0:25:35]} bxc6 {[%clk 0:25:28]} 5. d3 {[%clk 0:25:42]} Bg7
{[%clk 0:25:34]} 6. O-O {[%clk 0:25:44]} Bb7 {[%clk 0:25:35]} 7. Nc3
{[%clk 0:25:39]} Nf6 {[%clk 0:25:31]} 8. Be3 {[%clk 0:25:44]} d6 {[%clk 0:25:10]}
9. Re1 {[%clk 0:25:32]} O-O {[%clk 0:25:15]} 10. Qe2 {[%clk 0:24:56]} Re8
{[%clk 0:24:36]} 11. Bd2 {[%clk 0:24:16]} Qc7 {[%clk 0:23:20]} 12. e5
{[%clk 0:23:24]} dxe5 {[%clk 0:22:19]} 13. Qxe5 {[%clk 0:23:29]} Qxe5
{[%clk 0:21:59]} 14. Nxe5 {[%clk 0:23:37]} Rad8 {[%clk 0:21:48]} 15. Be3
{[%clk 0:23:17]} Nd5 {[%clk 0:21:08]} 16. Bxc5 {[%clk 0:22:34]} a6
{[%clk 0:20:18]} 17. Nxd5 {[%clk 0:19:37]} Rxd5 {[%clk 0:19:39]} 18. d4
{[%clk 0:19:41]} Rdd8 {[%clk 0:18:38]} 19. Nf3 {[%clk 0:19:14]} Bc8
{[%clk 0:17:58]} 20. c3 {[%clk 0:19:09]} Bg4 {[%clk 0:17:42]} 21. Rxe7
{[%clk 0:19:00]} Bxf3 {[%clk 0:17:15]} 22. Rxe8+ {[%clk 0:19:00]} Rxe8
{[%clk 0:17:23]} 23. gxf3 {[%clk 0:19:08]} Rb8 {[%clk 0:16:50]} 24. Ba3
{[%clk 0:19:08]} Re8 {[%clk 0:14:30]} 25. Kg2 {[%clk 0:18:59]} f5
{[%clk 0:13:17]} 26. Kf1 {[%clk 0:18:26]} g5 {[%clk 0:12:49]} 27. Re1
{[%clk 0:18:27]} Rxe1+ 28. Kxe1 h5 {[%clk 0:11:16]} 29. Ke2 {[%clk 0:18:32]} Bh6
{[%clk 0:11:23]} 30. Bb4 {[%clk 0:17:39]} Kf7 {[%clk 0:11:30]} 31. Kd3
{[%clk 0:17:42]} Kg6 {[%clk 0:11:33]} 32. Bd6 {[%clk 0:17:32]} g4
{[%clk 0:11:34]} 33. f4 {[%clk 0:16:59]} h4 {[%clk 0:11:24]} 34. Kc4
{[%clk 0:16:59]} g3 {[%clk 0:10:40]} 35. fxg3 {[%clk 0:16:59]} hxg3
{[%clk 0:10:47]} 36. hxg3 {[%clk 0:17:08]} Kh5 {[%clk 0:10:56]} 37. Kc5
{[%clk 0:17:13]} Kg4 {[%clk 0:11:05]} 38. Kxc6 {[%clk 0:17:21]} Kxg3
{[%clk 0:11:14]} 39. Kb6 {[%clk 0:17:25]} Bxf4 {[%clk 0:11:23]} 40. Bxf4+
{[%clk 0:17:27]} Kxf4 {[%clk 0:11:31]} 41. d5 {[%clk 0:17:13]} Ke5
{[%clk 0:11:40]} 42. Kc6 {[%clk 0:17:21]} f4 {[%clk 0:11:48]} 43. d6
{[%clk 0:17:30]} f3 {[%clk 0:11:58]} 44. d7 {[%clk 0:17:39]} f2 {[%clk 0:12:06]}
45. d8=Q {[%clk 0:17:45]} f1=Q {[%clk 0:12:13]} 46. Qe8+ {[%clk 0:17:52]} Kf6
{[%clk 0:12:11]} 47. Qf8+ {[%clk 0:17:59]} Kg6 {[%clk 0:12:20]} 48. Qxf1
{[%clk 0:18:07]} Kg7 {[%clk 0:12:28]} 49. Qf5 {[%clk 0:18:14]} Kh6
{[%clk 0:12:36]} 50. Qg4 {[%clk 0:18:22]} Kh7 {[%clk 0:12:45]} 51. Qg5
{[%clk 0:18:30]} a5 {[%clk 0:12:53]} 52. Kd6 {[%clk 0:18:38]} a4 {[%clk 0:13:02]}
53. Ke7 {[%clk 0:18:46]} a3 {[%clk 0:13:10]} 54. Kf7 {[%clk 0:18:54]} Kh8
{[%clk 0:13:18]} 55. Qh6# 1-0

[Event "MCR druzstev mladsich zaku 2016"]
[Site "Hradec Kralove"]
[Date "2016.06.12"]
[Round "6.13"]
[White "Hosnedl (VSTE CB), Matyas"]
[Black "Hofman (Novy Bor), Krystof"]
[Result "1/2-1/2"]
[BlackElo "1732"]
[WhiteElo "1637"]
[LiveChessVersion "1.4.8"]

1. e4 {[%clk 0:25:14]} c5 {[%clk 0:25:04]} 2. Nf3 {[%clk 0:25:19]} d6
{[%clk 0:25:11]} 3. d4 {[%clk 0:25:26]} cxd4 {[%clk 0:25:17]} 4. c3
{[%clk 0:25:31]} d3 {[%clk 0:25:13]} 5. Bxd3 {[%clk 0:25:32]} Nc6
{[%clk 0:25:02]} 6. O-O {[%clk 0:25:02]} Nf6 {[%clk 0:24:48]} 7. Qc2
{[%clk 0:24:22]} g6 {[%clk 0:24:37]} 8. Rd1 {[%clk 0:23:06]} Bd7 {[%clk 0:23:28]}
9. Nbd2 {[%clk 0:21:48]} Bg7 {[%clk 0:23:21]} 10. Nf1 {[%clk 0:19:41]} Ng4
{[%clk 0:21:19]} 11. Ne3 {[%clk 0:17:56]} O-O {[%clk 0:20:36]} 12. Be2
{[%clk 0:15:58]} Nge5 {[%clk 0:19:35]} 13. Nxe5 {[%clk 0:15:18]} Bxe5
{[%clk 0:19:02]} 14. Ng4 {[%clk 0:14:05]} Bg7 {[%clk 0:18:30]} 15. Nh6+
{[%clk 0:13:53]} Kh8 {[%clk 0:16:54]} 16. Ng4 {[%clk 0:10:31]} Kg8
{[%clk 0:15:44]} 17. Qb3 {[%clk 0:09:18]} Bxg4 {[%clk 0:13:59]} 18. Bxg4
{[%clk 0:09:26]} Qc7 {[%clk 0:13:18]} 19. Be3 {[%clk 0:08:55]} Na5
{[%clk 0:11:29]} 20. Qb4 {[%clk 0:07:56]} Nc4 {[%clk 0:08:43]} 21. Bd4
{[%clk 0:07:36]} Ne5 {[%clk 0:07:25]} 22. Bxe5 {[%clk 0:07:42]} Bxe5
{[%clk 0:07:10]} 23. Rac1 {[%clk 0:07:12]} b6 {[%clk 0:06:20]} 24. Bf3
{[%clk 0:06:45]} Qc5 {[%clk 0:06:05]} 25. Qb3 {[%clk 0:06:00]} Rac8
{[%clk 0:05:07]} 26. Rd5 {[%clk 0:04:17]} Qc6 {[%clk 0:04:23]} 27. h3
{[%clk 0:03:10]} Qb7 {[%clk 0:03:24]} 28. a4 {[%clk 0:02:30]} a6 {[%clk 0:03:13]}
29. c4 {[%clk 0:02:14]} Rc7 {[%clk 0:02:47]} 30. Rcd1 {[%clk 0:01:33]} Rfc8
{[%clk 0:02:16]} 31. Be2 {[%clk 0:01:35]} Rc5 {[%clk 0:02:18]} 32. Ra1
{[%clk 0:01:23]} a5 {[%clk 0:02:22]} 33. Rad1 {[%clk 0:01:29]} e6
{[%clk 0:02:19]} 34. Rxc5 {[%clk 0:01:35]} Rxc5 {[%clk 0:02:27]} 35. Qc2
{[%clk 0:01:33]} Qc7 {[%clk 0:02:24]} 36. b3 {[%clk 0:01:42]} d5 {[%clk 0:02:12]}
37. exd5 {[%clk 0:01:34]} exd5 {[%clk 0:02:21]} 38. Qb1 {[%clk 0:00:56]} dxc4
{[%clk 0:02:21]} 39. Bxc4 {[%clk 0:01:03]} Kg7 {[%clk 0:01:55]} 40. Qe4
{[%clk 0:01:07]} Qe7 {[%clk 0:01:30]} 41. Qg4 {[%clk 0:00:54]} Rc7
{[%clk 0:01:20]} 42. Rd3 {[%clk 0:00:47]} Bd6 {[%clk 0:01:01]} 43. Qd4+
{[%clk 0:00:52]} Be5 {[%clk 0:01:00]} 44. Qxb6 {[%clk 0:00:54]} Qc5
{[%clk 0:00:49]} 45. Qxc5 {[%clk 0:00:45]} Rxc5 {[%clk 0:00:54]} 46. Rd5
{[%clk 0:00:53]} Rxd5 {[%clk 0:01:02]} 47. Bxd5 {[%clk 0:01:02]} Bc3
{[%clk 0:01:09]} 48. Bc4 {[%clk 0:01:11]} Bb4 {[%clk 0:01:17]} 49. Kf1
{[%clk 0:01:19]} f6 {[%clk 0:01:19]} 50. Ke2 {[%clk 0:01:28]} h6 {[%clk 0:01:26]}
51. Kd3 {[%clk 0:01:33]} g5 {[%clk 0:01:32]} 52. g4 {[%clk 0:01:19]} Be1
{[%clk 0:01:37]} 53. f3 {[%clk 0:00:49]} Bb4 {[%clk 0:01:43]} 54. Ke4
{[%clk 0:00:58]} Bc3 {[%clk 0:01:43]} 55. f4 {[%clk 0:01:07]} gxf4
{[%clk 0:01:48]} 56. Kxf4 {[%clk 0:01:15]} Bd2+ {[%clk 0:01:52]} 57. Kf5
{[%clk 0:01:20]} Bb4 {[%clk 0:01:58]} 58. h4 {[%clk 0:01:23]} Be1
{[%clk 0:01:55]} 59. h5 {[%clk 0:01:11]} Bb4 {[%clk 0:02:00]} 60. Ke4
{[%clk 0:00:59]} Be1 {[%clk 0:02:03]} 61. Kd3 {[%clk 0:00:58]} Bb4
{[%clk 0:02:10]} 62. Be6 {[%clk 0:00:42]} Be1 {[%clk 0:02:08]} 1/2-1/2

[Event "MCR druzstev mladsich zaku 2016"]
[Site "Hradec Kralove"]
[Date "2016.06.12"]
[Round "6.14"]
[White "Hurtik (Novy Bor), Matej"]
[Black "Stastna (VSTE CB), Martina"]
[Result "1-0"]
[BlackElo "1504"]
[WhiteElo "1531"]
[LiveChessVersion "1.4.8"]

1. e4 {[%clk 0:25:16]} e5 {[%clk 0:25:17]} 2. Nf3 {[%clk 0:25:23]} Nc6
{[%clk 0:25:18]} 3. Bc4 {[%clk 0:25:25]} Bc5 {[%clk 0:25:12]} 4. b4
{[%clk 0:25:21]} Bxb4 {[%clk 0:24:44]} 5. c3 {[%clk 0:25:27]} Bc5
{[%clk 0:24:42]} 6. d4 {[%clk 0:25:33]} exd4 {[%clk 0:24:44]} 7. cxd4
{[%clk 0:25:39]} Bb4+ {[%clk 0:24:49]} 8. Bd2 {[%clk 0:25:46]} Bxd2+
{[%clk 0:24:50]} 9. Nbxd2 {[%clk 0:25:51]} Na5 {[%clk 0:24:38]} 10. Bd3
{[%clk 0:25:18]} d5 {[%clk 0:24:31]} 11. e5 {[%clk 0:25:02]} Bg4 {[%clk 0:24:17]}
12. O-O {[%clk 0:25:01]} Ne7 {[%clk 0:24:19]} 13. h3 {[%clk 0:24:51]} Bh5
{[%clk 0:24:25]} 14. Rb1 {[%clk 0:24:45]} b6 {[%clk 0:24:09]} 15. Qc2
{[%clk 0:24:29]} O-O 16. Bxh7+ Kh8 {[%clk 0:23:39]} 17. Bd3 {[%clk 0:24:31]} Bg6
{[%clk 0:23:42]} 18. Ng5 {[%clk 0:23:30]} Bxd3 {[%clk 0:23:23]} 19. Qxd3
{[%clk 0:23:36]} Ng6 {[%clk 0:23:29]} 20. Ndf3 {[%clk 0:23:36]} Nc6
{[%clk 0:22:49]} 21. h4 {[%clk 0:23:42]} Re8 {[%clk 0:21:45]} 22. Nxf7+
{[%clk 0:23:48]} Kg8 {[%clk 0:21:49]} 23. Nxd8 {[%clk 0:23:50]} Nf4
{[%clk 0:21:56]} 24. Qe3 {[%clk 0:23:18]} Nxg2 {[%clk 0:20:54]} 25. Kxg2
{[%clk 0:23:22]} Raxd8 {[%clk 0:20:58]} 26. Rbc1 {[%clk 0:23:17]} Re6
{[%clk 0:20:45]} 27. Ng5 {[%clk 0:23:14]} Rg6 {[%clk 0:20:40]} 28. Qd3
{[%clk 0:23:21]} Rh6 {[%clk 0:20:31]} 29. Rg1 {[%clk 0:22:26]} Nb4
{[%clk 0:20:03]} 30. Qb3 {[%clk 0:22:29]} a5 {[%clk 0:18:51]} 31. Rxc7
{[%clk 0:22:32]} Rxh4 {[%clk 0:18:43]} 32. Kf1 {[%clk 0:22:32]} Kh8
{[%clk 0:18:03]} 33. Nf7+ {[%clk 0:22:34]} Kh7 {[%clk 0:18:06]} 34. Nxd8
{[%clk 0:22:37]} Rxd4 {[%clk 0:17:37]} 35. Qh3+ {[%clk 0:22:35]} Kg8
{[%clk 0:17:38]} 36. Rgxg7+ {[%clk 0:22:42]} Kf8 {[%clk 0:17:45]} 37. Qh8#
{[%clk 0:22:48]} 1-0

[Event "MCR druzstev mladsich zaku 2016"]
[Site "Hradec Kralove"]
[Date "2016.06.12"]
[Round "6.15"]
[White "Bauer (VSTE CB), Jan"]
[Black "Sichrovsky (Novy Bor), Tomas"]
[Result "0-1"]
[BlackElo "1411"]
[WhiteElo "1314"]
[LiveChessVersion "1.4.8"]

1. e4 c6 2. d4 d5 3. exd5 cxd5 4. Nc3 Nf6 5. Nf3 Bg4 6. Be2 Nc6 7. O-O e6 8. Bg5
h6 9. Bh4 a6 10. Nd2 Bxe2 11. Nxe2 Be7 12. Nf3 O-O 13. Re1 Bd6 14. Rc1 Rc8 15. c4
0-1

[Event "MCR druzstev mladsich zaku 2016"]
[Site "Hradec Kralove"]
[Date "2016.06.12"]
[Round "6.16"]
[White "Dolensky (Novy Bor), Filip"]
[Black "Studenovsky (VSTE CB), Jaroslav"]
[Result "1-0"]
[BlackElo "1389"]
[WhiteElo "1572"]
[LiveChessVersion "1.4.8"]

1. e4 {[%clk 0:25:19]} e5 {[%clk 0:25:18]} 2. Nf3 {[%clk 0:25:21]} Nc6
{[%clk 0:25:24]} 3. Bc4 {[%clk 0:25:16]} Bc5 {[%clk 0:25:27]} 4. O-O
{[%clk 0:25:06]} d6 {[%clk 0:25:22]} 5. d3 {[%clk 0:25:01]} Bg4 {[%clk 0:25:25]}
6. h3 {[%clk 0:25:04]} Bh5 {[%clk 0:25:29]} 7. c3 {[%clk 0:25:05]} Nf6
{[%clk 0:25:10]} 8. b4 {[%clk 0:25:02]} Bb6 {[%clk 0:24:56]} 9. a4
{[%clk 0:24:57]} a6 {[%clk 0:24:44]} 10. Na3 {[%clk 0:24:45]} O-O
{[%clk 0:23:51]} 11. Bb3 {[%clk 0:24:31]} Qd7 {[%clk 0:23:18]} 12. Nc4
{[%clk 0:24:13]} Rfe8 {[%clk 0:22:35]} 13. Nxb6 {[%clk 0:24:13]} cxb6
{[%clk 0:22:29]} 14. Be3 {[%clk 0:24:01]} b5 {[%clk 0:21:42]} 15. a5
{[%clk 0:23:36]} Ne7 {[%clk 0:20:50]} 16. Bg5 {[%clk 0:22:40]} Kh8
{[%clk 0:19:42]} 17. Bxf6 {[%clk 0:22:08]} gxf6 {[%clk 0:19:44]} 18. g4
{[%clk 0:21:33]} Rg8 {[%clk 0:18:05]} 19. Kh1 {[%clk 0:20:15]} Bxg4
{[%clk 0:16:56]} 20. hxg4 {[%clk 0:20:01]} Qxg4 {[%clk 0:17:04]} 21. Rg1
{[%clk 0:19:48]} Qh5+ {[%clk 0:15:15]} 22. Nh2 {[%clk 0:19:52]} Rg5
{[%clk 0:14:52]} 23. Qxh5 {[%clk 0:19:01]} Rxh5 {[%clk 0:14:57]} 24. Bxf7
{[%clk 0:19:08]} Rh6 {[%clk 0:14:12]} 25. Rg2 {[%clk 0:18:41]} Rf8
{[%clk 0:14:00]} 26. Bb3 {[%clk 0:18:37]} Ng6 {[%clk 0:13:51]} 27. Rg3
{[%clk 0:17:54]} Nf4 {[%clk 0:13:44]} 28. Re1 {[%clk 0:16:05]} f5
{[%clk 0:13:35]} 29. Bd5 {[%clk 0:13:00]} Nxd5 {[%clk 0:13:22]} 30. exd5
{[%clk 0:13:08]} f4 {[%clk 0:13:28]} 31. Rg4 {[%clk 0:12:41]} Rf5
{[%clk 0:13:19]} 32. Reg1 {[%clk 0:12:39]} Rf8 {[%clk 0:12:21]} 33. Rg7
{[%clk 0:12:35]} Rb8 {[%clk 0:11:29]} 34. Rd7 {[%clk 0:11:44]} b6
{[%clk 0:11:03]} 35. axb6 {[%clk 0:11:41]} Rxb6 {[%clk 0:10:51]} 36. Rd8#
{[%clk 0:11:41]} 1-0

[Event "MCR druzstev mladsich zaku 2016"]
[Site "Hradec Kralove"]
[Date "2016.06.12"]
[Round "6.17"]
[White "Kotal (VSTE CB), Vit"]
[Black "Habenicht (Novy Bor), Martin"]
[Result "1-0"]
[BlackElo "1264"]
[WhiteElo "1321"]
[LiveChessVersion "1.4.8"]

1. e4 {[%clk 0:25:17]} d6 {[%clk 0:25:14]} 2. d4 {[%clk 0:25:21]} Nf6
{[%clk 0:25:21]} 3. Nc3 {[%clk 0:25:23]} g6 {[%clk 0:25:27]} 4. Bg5
{[%clk 0:25:05]} Bg7 {[%clk 0:25:17]} 5. Nf3 {[%clk 0:24:47]} O-O
{[%clk 0:25:06]} 6. Bc4 {[%clk 0:24:20]} Nbd7 {[%clk 0:24:09]} 7. O-O
{[%clk 0:24:06]} Nb6 {[%clk 0:23:41]} 8. Bb3 {[%clk 0:23:51]} Bd7
{[%clk 0:22:52]} 9. Re1 {[%clk 0:23:45]} h6 {[%clk 0:20:32]} 10. Bh4
{[%clk 0:23:10]} Re8 {[%clk 0:19:04]} 11. h3 {[%clk 0:21:27]} e5 {[%clk 0:18:19]}
12. d5 {[%clk 0:21:10]} a5 {[%clk 0:16:15]} 13. a3 {[%clk 0:19:20]} c6
{[%clk 0:14:48]} 14. dxc6 {[%clk 0:18:39]} Bxc6 {[%clk 0:14:52]} 15. Qd2
{[%clk 0:16:16]} Qc7 {[%clk 0:13:27]} 16. Rad1 {[%clk 0:15:04]} Rad8
{[%clk 0:13:12]} 17. Bxf6 {[%clk 0:13:18]} Bxf6 {[%clk 0:12:58]} 18. Qxh6
{[%clk 0:13:10]} Bg7 {[%clk 0:12:58]} 19. Qh4 {[%clk 0:12:27]} Qe7
{[%clk 0:12:09]} 20. Ng5 {[%clk 0:09:36]} Rf8 {[%clk 0:09:54]} 21. Qh7# 1-0